00367nam a2200133Ia 4500008004100000020001600041041001200057082001600069100001700085245006000102260004700162300000800209650001600217221030s9999 xx 000 0 und d a00852260850 aEnglish a105.23bBan aV. K. Bansal 0aDesign of Microprocessor Based Systemscby V. K. Bansal bNew Age Internationl Pub.aNew Delhic1996 a154 aBE Computer